On sovereignty : four chapters from the six books of the commonwealth
Αποθηκεύτηκε σε:
| Κύριος συγγραφέας: | |
|---|---|
| Άλλοι συγγραφείς: | |
| Μορφή: | Βιβλίο |
| Γλώσσα: | English |
| Δημοσίευση: |
Cambridge :
Cambridge University Press,
1996.
|
| Σειρά: | Cambridge texts in the history of political thought
|
| Θέματα: | |
| Ετικέτες: |
Προσθήκη ετικέτας
Δεν υπάρχουν, Καταχωρήστε ετικέτα πρώτοι!
|
MARC
| LEADER | 00000cam a2200000 i 4500 | ||
|---|---|---|---|
| 001 | 1/646 | ||
| 008 | 000407s1996 enk| ||| |||| ||eng|| | ||
| 020 | |a 0521349923 | ||
| 035 | |l 10059734 | ||
| 040 | |a GR-MyUa |b gre |e AACR2 | ||
| 041 | 0 | |a eng | |
| 082 | 7 | |a 320.15 |2 (22) | |
| 100 | 1 | |a Bodin, Jean, |d 1530-1596. | |
| 245 | 1 | 0 | |a On sovereignty : |b four chapters from the six books of the commonwealth / |c Jean Bodin ; edited and translated by Julian H. Franklin. |
| 260 | |a Cambridge : |b Cambridge University Press, |c 1996. | ||
| 300 | |a 141 σ. ; |c 23 εκ. | ||
| 490 | 1 | |a (Cambridge texts in the history of political thought) | |
| 500 | |a Translation of selections from Six livres de la Republique. | ||
| 504 | |a Περιλαμβάνει βιβλιογραφικές παραπομπές και ευρετήριο. | ||
| 650 | 0 | 0 | |a Sovereignty. |
| 650 | 0 | 0 | |a Political science |v Early works to 1800. |
| 700 | 1 | |a Franklin, Julian H. |e edt |e trl | |
| 830 | 0 | |a Cambridge texts in the history of political thought | |
| 852 | |a INST |b LESVOS |e 20000407 |h 320.15 BOD |p 005100020511 |q 005100020511 |t BK |y 0 | ||
| 901 | |a BIBL1-2000-1 | ||
| 970 | |a ΑΙΒΑΤΖΙΔΟΥ |b ΕΛΕΝΗ |z 2000/04/07 | ||